Microprocessors (Record no. 121436)

MARC details
000 -LEADER
fixed length control field 00508nam a2200205Ia 4500
003 - CONTROL NUMBER IDENTIFIER
control field OSt
005 - DATE AND TIME OF LATEST TRANSACTION
control field 20250808091649.0
008 - FIXED-LENGTH DATA ELEMENTS--GENERAL INFORMATION
fixed length control field 210210b2014 xxu||||| |||| 00| 0 eng d
020 ## - INTERNATIONAL STANDARD BOOK NUMBER
International Standard Book Number 9788184955286
040 ## - CATALOGING SOURCE
Transcribing agency AL
041 ## - LANGUAGE CODE
Language code of text/sound track or separate title eng
082 ## - DEWEY DECIMAL CLASSIFICATION NUMBER
Classification number 621.381958 MHAM
100 ## - MAIN ENTRY--PERSONAL NAME
Personal name Mhatre, Swapneel Chandrakant
9 (RLIN) 234625
245 ## - TITLE STATEMENT
Title Microprocessors
260 ## - PUBLICATION, DISTRIBUTION, ETC.
Place of publication, distribution, etc. Ahmedabad
Name of publisher, distributor, etc. Jaico Publishing House
Date of publication, distribution, etc. 2014
300 ## - PHYSICAL DESCRIPTION
Extent xxx,517p
690 ## - LOCAL SUBJECT ADDED ENTRY--TOPICAL TERM (OCLC, RLIN)
Topical term or geographic name as entry element Microprocessors
9 (RLIN) 234626
906 ## - LOCAL DATA ELEMENT F, LDF (RLIN)
a 071686
942 ## - ADDED ENTRY ELEMENTS (KOHA)
Source of classification or shelving scheme Dewey Decimal Classification
Koha item type Book
Holdings
Withdrawn status Lost status Source of classification or shelving scheme Damaged status Not for loan Collection code Home library Current library Shelving location Date acquired Source of acquisition Cost, normal purchase price Total Checkouts Full call number Barcode Date last seen Price effective from Koha item type
    Dewey Decimal Classification   Reference Book Electronics St Aloysius Library St Aloysius Library Reference Section 02/17/2021 Super Book Services, Near Bangalore University, Bangalore-560056 499.00   621.381958 MHAM 071686 02/17/2021 02/17/2021 Reference